| 000 | 00679nam a22002295i 4500 | ||
|---|---|---|---|
| 001 | 14203 | ||
| 003 | ES-MaACL | ||
| 005 | 20230906150738.0 | ||
| 007 | t| | ||
| 008 | 931019s1993 sp ||||0| spa j | ||
| 020 | _a84-87311-03-2 | ||
| 040 |
_aM-BN _bspa _cM-BN |
||
| 080 | _a860-14"19" | ||
| 100 | 1 |
_aSantiago, Lola. _9103381 |
|
| 245 | 1 | 0 |
_aYa no es tiempo de lilas / _cLola Santiago. |
| 260 |
_aMadrid : _bAsociación Cultural Beturia, _c1993. |
||
| 300 |
_a70 p. ; _c21 cm. |
||
| 490 | 1 |
_aColección Dávila ; _v7 |
|
| 830 | 0 |
_aColección Dávila ; _v7 _9178429 |
|
| 852 |
_aES-MaACL _jL-21422 _bR.121399 _q. - Ded. autógr. de la autora |
||
| 999 |
_c14203 _d14203 |
||